书目信息 |
| 题名: |
财务会计案例
|
|
| 作者: | 王国生 编著 | |
| 分册: | ||
| 出版信息: | 北京 中国人民大学出版社 2004 |
|
| 页数: | 134页 | |
| 开本: | 23cm | |
| 丛书名: | ||
| 单 册: | ||
| 中图分类: | F234.4 | |
| 科图分类: | ||
| 主题词: | 财务会计--案例--高等学校--教材 , 财务会计 | |
| 电子资源: | ||
| ISBN: | 7-300-05659-8 | |
| 000 | 00870nam0 2200265 450 | |
| 000 | 00896nam0 2200265 450 | |
| 000 | 00827nam0 2200241 450 | |
| 000 | 00791oam2 2200229 45 | |
| 005 | 20070725152204.00 | |
| 010 | @a7-300-05659-8@dCNY12.00 | |
| 100 | @a20070719d2004 em y0chiy0120 ea | |
| 101 | 0 | @achi |
| 102 | @aCN@b110000 | |
| 105 | @ay z 000yy | |
| 200 | 1 | @a财务会计案例@ACai Wu Hui Ji An Li@f王国生编著@FWang Guo Sheng Bian Zhu |
| 210 | @a北京@c中国人民大学出版社@d2004 | |
| 215 | @a134页@d23cm | |
| 300 | @a高职高专会计系列教材 | |
| 330 | @a本书编写了涉及财务会计基本理论、资产、负债、所有者权益、费用、财务会计报告等方面的案例,并进行案例解析。 | |
| 606 | 0 | @a财务会计@x案例@x高等学校@j教材 |
| 606 | 0 | @a财务会计 |
| 690 | @aF234.4@v4 | |
| 701 | 0 | @a王国生@AWang Guo Sheng@4编著 |
| 801 | 0 | @aCN@bTAOJIN@c20070725 |
| 905 | @a10447@dF234.4@e290 | |
| 财务会计案例/王国生编著.-北京:中国人民大学出版社,2004 |
| 134页;23cm |
| 高职高专会计系列教材 |
| ISBN 7-300-05659-8:CNY12.00 |
| 本书编写了涉及财务会计基本理论、资产、负债、所有者权益、费用、财务会计报告等方面的案例,并进行案例解析。 |
| ● |
| 相关链接 |
|
|
|
|
正题名:财务会计案例
索取号:F234.4/290
 
预约/预借
| 序号 | 登录号 | 条形码 | 馆藏地/架位号 | 状态 | 备注 |
| 1 | 0825915 | 208259150 | 第一样本阅览室/ [索取号:F234.4/290] | 在馆 | |
| 2 | 0825916 | 208259169 | 第一借阅区/ [索取号:F234.4/290] | 在馆 | |
| 3 | 0825917 | 208259178 | 第一借阅区/ [索取号:F234.4/290] | 在馆 | |
| 4 | 0825918 | 208259187 | 第一借阅区/ [索取号:F234.4/290] | 在馆 | |
| 5 | 0825919 | 208259196 | 第一借阅区/ [索取号:F234.4/290] | 在馆 | |
| 6 | 0825920 | 208259203 | 第一借阅区/ [索取号:F234.4/290] | 在馆 | |
| 7 | 0825921 | 208259212 | 第一借阅区/ [索取号:F234.4/290] | 在馆 | |
| 8 | 0825922 | 208259221 | 第一借阅区/ [索取号:F234.4/290] | 在馆 |